01151nab a2200301 uc450000100070000000500170000700800410002403500110006503500210007604000130009704100080011010000340011824501720015226000100032465000260033465000330036065000260039365000300041965000140044965000300046365000220049365000560051570000460057170000270061770000440064470000380068877301230072685825520240201190741.0031212s2003 spa  a858255 a(OCoLC)820086681 ccomduadb aspa10aVergel M., Carolina4auteaut10aTecnicas moleculares como herramientas en la epidemiologia : analisis de la dispersion y posibilidad de reinfestacion por Rhodnius colombiensis (Hemiptera: Reduviidae) c2003. 7aEpidemiología2lemb aHemipteros - Investigaciones aRhodnius colombiensis 7aEnfermedad de Chagas2dcs aReduvidos aGenética de poblaciones aInsectos vectores aEnfermedades transmisibles - Prevención y control10aJaramillo Holguin, Carlos Mario4auteaut10aCastro, Lyda4auteaut10aGuhl Nannetti, Felipe,d1949-4auteaut10aVallejo, Gustavo Adolfo4auteaut0 tRevista Colombiana de Entomología (Bogotá)gVol. 29, No. 02, Jul.-Dic. 2003, p. 137-142w717952x0120-04880233303